| 000 | 00478 a2200181 4500 | ||
|---|---|---|---|
| 005 | 20260422110300.0 | ||
| 008 | 260422b |||||||| |||| 00| 0 eng d | ||
| 020 |
_a9781138821194 _c£ 18.00 |
||
| 040 | _aMAIN | ||
| 082 |
_a821.09 _bR746R |
||
| 100 | _aRothstein, Eric | ||
| 245 | _aRestoration and eighteenth-century poetry 1660-1780 | ||
| 260 |
_bRoutledge _aOxon _c1981 |
||
| 300 | _axiv, 242 | ||
| 650 | _aEnglish Literature | ||
| 650 | _aEnglish Poetry | ||
| 942 | _cBK | ||
| 999 |
_c396465 _d396465 |
||